| 000 | 00365nam a2200145Ia 4500 | ||
|---|---|---|---|
| 008 | 230917s9999||||xx |||||||||||||| ||und|| | ||
| 040 |
_e82215 _aMAIN |
||
| 041 | _aEnglish | ||
| 082 | _a372.3 G959T | ||
| 100 | _aGupta, V K | ||
| 245 | 0 | _aTeaching and learning of science and technology | |
| 260 |
_aNew Delhi _bVikas _c1995 |
||
| 300 | _axix, 338 p. | ||
| 942 | _cBK | ||
| 999 |
_c66208 _d66208 |
||